000
00433nam a2200145Ia 4500
008
100122s9999 xx 000 0 und d
082
_b
43588
_a
613
100
_a
चौधरी माधव
245
_a
आहार हेच औषध
260
_b
गाला पब्लिशर्स
_c
1989
300
_a
270
630
_a
आहार हेच औषध
730
_a
आहार हेच औषध
942
_c
BOOK
999
_c
423615
_d
423612